Statistics for 2023-24 NFL RB DEPTH CHART QUIZ

Click here to take the quiz!

General Stats

  • This quiz has been taken 228 times
    (211 since last reset)
  • The average score is 49 of 64

Answer Stats

HintAnswer% Correct
ARIJames Conner
94%
ATLBijan Robinson
93%
WASBrian Robinson Jr
93%
NYJDalvin Cook
92%
BUFJames Cook
92%
LACAustin Ekeler
91%
TENDerrick Henry
90%
GBAaron Jones
89%
SFChristian McCaffrey
89%
INDJonathan Taylor
89%
CLENick Chubb
89%
NYGSaquon Barkley
89%
DALTony Pollard
88%
JAKTravis Etienne Jr
88%
CINJoe Mixon
87%
LVJosh Jacobs
87%
LARKyren Williams
87%
CINChris Evans / Chase Brown / Trayveon Williams
86%
NOJamaal Williams
86%
DENJavonte Williams
86%
BALGus Edwards
85%
PITNajee Harris
85%
MIARaheem Mostert
85%
PHID'Andre Swift
84%
DETDavid Montgomery
84%
KCIsiah Pacheco
84%
BALJK Dobbins
84%
NOAlvin Kamara
83%
NYJBreece Hall
83%
DETJahmyr Gibbs
83%
SEAKenneth Walker III
83%
MINAlexander Mattison
81%
BUFDamien Harris
81%
NEEzekiel Elliott
81%
CARMiles Sanders
81%
GBAJ Dillon
80%
HOUDameon Pierce
79%
TBRachaad White
79%
ATLTyler Allgeier / Cordarrelle Patterson
79%
LVZamir White
79%
NERhamondre Stevenson
78%
INDZack Moss
77%
LARCam Akers
75%
HOUDevin Singletary
74%
CLEJerome Ford
74%
CHIKhalil Herbert
72%
CARChuba Hubbard
71%
WASAntonio Gibson
68%
SFElijah Mitchell
68%
DALRico Dowdle / Deuce Vaughn
65%
MIAJeff Wilson Jr
64%
CHID'Onta Foreman
63%
PITJaylen Warren
63%
KCJerick McKinnon
61%
SEAZach Charbonnet
58%
LACJoshua Kelley
56%
TENTyjae Spears
56%
DENSamaje Perine
54%
NYGMatt Breida
49%
PHIRashaad Penny
48%
JAKTank Bigsby
44%
MINTy Chandler
32%
ARIKeaontay Ingram
30%
TBChase Edmonds
29%

Score Distribution

Percentile by Number Answered

Percent of People with Each Score

Your Score History

You have not taken this quiz since the last reset